LEADER 00770nam0-22002891i-450- 001 990003107300403321 035 $a000310730 035 $aFED01000310730 035 $a(Aleph)000310730FED01 035 $a000310730 100 $a20000920d1962----km-y0itay50------ba 101 0 $aita 102 $aIT 200 1 $aIntroduction to Differentiable Manifolds$fSerge Lang. 210 $aNew York$cInterscience$d1962. 215 $aX, 126 p.$d23 cm 610 0 $aEconomia$aMatematica 676 $a11310 702 1$aLang,$bSerge 801 0$aIT$bUNINA$gRICA$2UNIMARC 901 $aBK 912 $a990003107300403321 952 $a11310 LAN$b027214$fSES 959 $aSES 996 $aIntroduction to Differentiable Manifolds$9462450 997 $aUNINA DB $aING01 LEADER 01388nam0 22003011i 450 001 UON00037977 005 20231205102132.946 100 $a20020107d1967 |0itac50 ba 101 $afre 102 $aFR 105 $a|||| 1|||| 200 1 $aHistoire et institutions de la Chine ancienne$edes origines au XIIe siècle après J.C. / par Henri Maspero et Etienne Balazs ; texte révisé par Paul Demiéville 210 $aParis$cPresses Universitaires de France$d1967 215 $aVIII, 322 p.$d24 cm 410 1$1001UON00088434$12001 $aAnnales du Musée Guimet. Bibliothèque d'Etudes$v73 606 $aCINA$xCULTURA E CIVILTA'$xORIGINI-SEC. XII D.C.$3UONC012740$2FI 620 $aFR$dParis$3UONL002984 686 $aCIN IV A$cCINA - STORIA ANTICA FINO GUERRA dell'OPPIO (1839) ESCLUSO$2A 700 1$aMASPERO$bHenri$3UONV010195$0203979 701 1$aBALAZS$bEtienne$3UONV009777$0466387 702 1$aDEMIEVILLE$bPaul$3UONV001612 712 $aPresses Universitaires de France$3UONV245970$4650 801 $aIT$bSOL$c20251017$gRICA 899 $aSIBA - SISTEMA BIBLIOTECARIO DI ATENEO$2UONSI 912 $aUON00037977 950 $aSIBA - SISTEMA BIBLIOTECARIO DI ATENEO$dSI CIN IV A 248 $eSI YS 299 5 248 996 $aHistoire et institutions de la Chine ancienne$91154540 997 $aUNIOR